000 00635nam a2200205 i 4500
001 100731
003 ES-MaACL
005 20230906182733.0
007 t|
008 051005s1971 sp ||||1| spa d
100 1 _aMateo, José Vicente.
_978947
245 1 0 _aMurcia /
_cJosé Vicente Mateo; fotografías de F. Catalá Roca.
260 _aBarcelona :
_bDestino,
_c1971.
300 _a575 p., 3 map . pleg. con 53 lám. :
_bil. ;
_c22 cm.
490 1 _aGuías de España
700 1 _aCatalà-Roca, Francesc.
_937014
830 0 _aGuías de España
_9182984
852 _aES-MaACL
_jC-38391
_bR.79192
999 _c100731
_d100731